| 000 | 00996nam a2200241Ia 4500 | ||
|---|---|---|---|
| 003 | OSt | ||
| 005 | 20220923223441.0 | ||
| 006 | a|||||r|||| 00| 0 | ||
| 007 | ta | ||
| 008 | 220922b |||||||| |||| 00| 0 hin d | ||
| 024 | _a215,865 | ||
| 037 | _cTextual | ||
| 040 |
_aARTS _cARTS _bhin |
||
| 041 |
_2hin _ahin |
||
| 082 | _aY5927xN56w, 152P1 | ||
| 100 | _aगुप्ता, रमणिका, संपा. | ||
| 245 | 0 | _aहिन्दी साहित्य में दलित संघर्ष के उन्नायक डॉं एन सिंह | |
| 246 | _aHindī sāhitya mean dalit sangharṣha ke unnāyak ḍaॉan. Ena. Sianha | ||
| 260 |
_aगाजियाबाद _b आकाश पब्लिशर्स एण्ड डिस्टीब्यूटर्स _c2001 |
||
| 300 |
_a176 पृ. _ccm. |
||
| 942 |
_hY5927xN56w, 152P1 _cTEXL _2CC |
||
| 999 |
_c365402 _d365402 |
||